00596nam a22001932 4500001001100000005001700011008004100028020001700069040001500086100003700101245007500138250001300213260004400226300001600270650003600286650003800322700003900360852000300399000001275320151021151124.0090318s xx 000 0 eng d a0801818176 : aKABUcKABU1 aSquire, Lyn,d1946-.@000016319310aEconomic analysis of projects /cLyn Squire and Herman G. van der Tak. a1st ed. aWashington, D. C. :bWorld Bank,c1975. axi, 153 p. 0aCost-effectiveness.@0000168276 0aExpenditures, Public.@00001628431 avan der Tak, Herman G.@00001698191